000 00770nam a2200265Ia 4500
005 20260302115806.0
008 008 260114s9999 xx 000 0 eng d
020 _a9781509961474
037 _aTextbook
040 _aCRL
040 _beng
040 _cCRL
041 _2eng
041 _aeng
084 _qCRL
100 _aBeatriz Barreiro Carril, Andrzej Jakubowski, and Lucas Lixinski
_91122680
245 0 _a15 Years of the UNESCO Diversity of Cultural Expressions Convention Actors, Processes and Impact
260 _bBloomsbury
260 _bHart Publishing
260 _c2023
650 _aLaw
856 _uhttps://doi.org/10.5040/9781509961474?locatt=label:secondary_bloomsburyCollections
942 _cEBOOK
999 _c1687481
_d1687481